Superstore general knowledge - Statistics

General Stats
  • This quiz has been taken 305 times
  • The average score is 4 of 8
Answer Stats
Hint Answer % Correct
what is the name of the robot? glen
96%
who says this? "don't you just hate tuesdays" mateo
68%
who says this? "diabetes sucks! I think i voted wrong!" glenn
63%
fill in the quotation - "omg ______ do you ever stop talking?!" sandra
56%
what painting does jonah choose? putin
47%
who is the man who sells his book in the storewithout permission? pastor craig
44%
what commercial jingle do they sing aftermateo is detained? bagel bites
5%
fill in the gap "liva la vida ___" sex
1%
No matching quizzes found
Score Distribution
Percent of People with Each Score
Percentile by Number Answered
Your Score History
You have not taken this quiz